| 000 | 01313cam a2200301 a 4500 | ||
|---|---|---|---|
| 999 |
_c234064 _d234064 |
||
| 001 | 12500440 | ||
| 003 | Nust | ||
| 005 | 20170312121142.0 | ||
| 008 | 010813r20021959nyu 000 1 eng | ||
| 010 | _a 2001040849 | ||
| 020 | _a037570714X | ||
| 040 |
_aDLC _cDLC _dDLC |
||
| 043 | _anwtr--- | ||
| 050 | 0 | 0 |
_aPR9272.9.N32 _bM9 2002 |
| 082 | 0 | 0 |
_a823.914 _bNAI |
| 100 | 1 |
_aNaipaul, V. S. _q(Vidiadhar Surajprasad), _d1932- |
|
| 245 | 1 | 4 |
_aMiguel Street : _ba novel / _cV.S. Naipaul. |
| 250 | _a1st Vintage International ed. | ||
| 260 |
_aNew York : _bVintage Books, _c2002. |
||
| 300 |
_avii, 207 p. ; _c21 cm. |
||
| 650 | 0 |
_aMystics _vFiction. |
|
| 650 | 0 | _aPolitical fiction, Trinidadian and Tobagonian (English) | |
| 655 | 7 |
_aHumorous fiction. _2gsafd |
|
| 655 | 7 |
_aSatire. _2lcsh |
|
| 856 | 4 | 2 |
_3Contributor biographical information _uhttp://www.loc.gov/catdir/bios/random053/2001040849.html |
| 856 | 4 | 2 |
_3Publisher description _uhttp://www.loc.gov/catdir/description/random043/2001040849.html |
| 906 |
_a7 _bcbc _corignew _d1 _eocip _f20 _gy-gencatlg |
||
| 942 |
_2ddc _cBK |
||